Návrh zdroja tepla a zdroja chladu pre hotel

Guardado en:
Detalles Bibliográficos
Autor principal: Kolarčík, Martin (Autor)
Otros Autores: Kurčová, Mária (Orientador)
Formato: Manuscrito Libro
Lenguaje:eslovaco
Publicado: 2017
Materias:
Acceso en línea:http://is.stuba.sk/zp/portal_zp.pl?podrobnosti=125410
https://opac.crzp.sk/?fn=detailBiblioForm&sid=E7FF18FD4FFD5019D4FEED3CC38C
Etiquetas: Agregar Etiqueta
Sin Etiquetas, Sea el primero en etiquetar este registro!

MARC

LEADER 00000ntm a22000003a 4500
001 stuzp63217
003 SK-STU
005 20230814113448.2
007 ta
008 150427s2015----xo-----f-mn---000-0-slo-d
040 |a STU  |b slo 
041 0 |a slo 
100 1 |a Kolarčík, Martin  |u 010290  |4 aut  |U SvF Stavebná fakulta  |T SvF Katedra technických zariadení budov  |X 74119  |U V290  |Y 31  |7 74119 
242 0 1 |a Designing a heat source and a cold source for the hotel  |y eng 
245 1 0 |a Návrh zdroja tepla a zdroja chladu pre hotel 
260 |c 2017 
650 4 |a zdroj tepla  |2 slo 
650 4 |a zdroj chladu  |2 slo 
650 4 |a tepelné čerpadlo  |2 slo 
650 4 |a heat pump  |2 eng 
650 4 |a heat source  |2 eng 
650 4 |a cold source  |2 eng 
700 1 |a Kurčová, Mária  |u 010290  |k Z1  |4 ths  |U SvF Stavebná fakulta  |T SvF Katedra technických zariadení budov  |X 792  |U V290  |Y 31  |7 A000000792 
856 4 |u http://is.stuba.sk/zp/portal_zp.pl?podrobnosti=125410 
856 4 |u https://opac.crzp.sk/?fn=detailBiblioForm&sid=E7FF18FD4FFD5019D4FEED3CC38C